000 01294cam a22003497a 4500
003 CHAP
005 20220329142010.0
008 981211d1998 mx r 00110 spa d
010 _a76855
011 _a77827
035 _a87532
040 _cCHAP
090 _aTesis
100 0 0 _aMorales Ramírez, Mariana.
_978392
245 1 3 _aLa agricultura por contrato en México :
_bestudio de caso de la Comercializadora Agropecuaria de Occidente S.A. de C.V. (COMAGRO)
_c/por Mariana Morales Ramírez
260 _aChapingo, Méx. :
_bEl autor,
_c1998.
300 _a127 h. :
_bdiagramas
502 _aTesis (Lic. en Administración de Empresas Agropecuarias) -- UACH. División de Ciencias Económico-Administrativas
590 _aALEPH
_b10
_c20130110
_lUCH01
_h1427
590 _aBATCH-UPD
_b10
_c20130110
_lUCH01
_h0745
590 _aBATCH-UPD
_b10
_c20130410
_lUCH01
_h0426
590 _aBATCH-UPD
_b10
_c20130914
_lUCH01
_h0017
590 _aCONVERSION
_b10
_c20130109
_lUCH01
_h1342
650 1 4 _aAgricultura contractual.
_91944
650 1 4 _aMaíz
_xMercadeo.
_971007
650 1 4 _aMaíz
_zJalisco.
_971096
901 _aBK
905 _aGuadalupe Pinto C.
942 _cFOLL
949 _bBC
_cTES
_d33724000706933
_eTS2
_fc.2
_h33337
_i87532
_si
949 _bBC
_cTES
_d875321
_eTS1
_h33336
_i87532
_sb
999 _c76855
_d76855